000 00456nam a2200193Ia 4500
005 20240823010730.0
008 240823s9999||||xx |||||||||||||| ||und||
041 _aENGLISH
082 _A621.382 P0
100 _aKennedy
245 0 _aElectronic Communication systems
250 _a4th
260 _c200
_b"TMH,New Delh"
500 _aYES
650 _aElectronics Communication
_bElectronics
700 _a Davis
942 _cBK
999 _c159489
_d159489